NFL Top 10 Receiving Yards 2010s - Statistics

General Stats
  • This quiz has been taken 142 times
  • The average score is 82 of 100
Answer Stats
Year Team Player % Correct
2019: 2 Falcons Julio Jones
99%
2018: 1 Falcons Julio Jones
99%
2017: 2 Falcons Julio Jones
99%
2016: 2 Falcons Julio Jones
99%
2015: 1 Falcons Julio Jones
99%
2014: 3 Falcons Julio Jones
99%
2017: 1 Steelers Antonio Brown
98%
2016: 5 Steelers Antonio Brown
98%
2015: 2 Steelers Antonio Brown
98%
2014: 1 Steelers Antonio Brown
98%
2013: 2 Steelers Antonio Brown
98%
2018: 3 Buccaneers Mike Evans
98%
2016: 4 Buccaneers Mike Evans
98%
2019: 1 Saints Michael Thomas
97%
2018: 6 Saints Michael Thomas
97%
2017: 6 Saints Michael Thomas
97%
2016: 9 Saints Michael Thomas
97%
2018: 4 Chiefs Tyreek Hill
97%
2017: 7 Chiefs Tyreek Hill
97%
2015: 7 Broncos Demaryius Thomas
96%
2014: 2 Broncos Demaryius Thomas
96%
2013: 4 Broncos Demaryius Thomas
96%
2012: 4 Broncos Demaryius Thomas
96%
2017: 9 Lions Marvin Jones
96%
2015: 10 Lions Calvin Johnson
95%
2013: 3 Lions Calvin Johnson
95%
2012: 1 Lions Calvin Johnson
95%
2011: 1 Lions Calvin Johnson
95%
2010: 9 Lions Calvin Johnson
95%
2013: 7 Texans Andre Johnson
94%
2012: 2 Texans Andre Johnson
94%
2010: 6 Texans Andre Johnson
94%
2019: 4 Chiefs Travis Kelce
94%
2018: 10 Chiefs Travis Kelce
94%
2018: 7 Packers Davante Adams
92%
2018: 2 Texans DeAndre Hopkins
92%
2017: 4 Texans DeAndre Hopkins
92%
2015: 3 Texans DeAndre Hopkins
92%
2019: 3 Buccaneers Chris Godwin
91%
2017: 8 Cardinals Larry Fitzgerald
91%
2015: 9 Cardinals Larry Fitzgerald
91%
2011: 4 Cardinals Larry Fitzgerald
91%
2010: 8 Cardinals Larry Fitzgerald
91%
2016: 3 Giants Odell Beckham Jr.
91%
2015: 5 Giants Odell Beckham Jr.
91%
2014: 10 Giants Odell Beckham Jr.
91%
2017: 10 Patriots Rob Gronkowski
91%
2011: 6 Patriots Rob Gronkowski
91%
2019: 6 Chargers Keenan Allen
89%
2017: 3 Chargers Keenan Allen
89%
2015: 8 Bengals A.J. Green
87%
2013: 5 Bengals A.J. Green
87%
2012: 10 Bengals A.J. Green
87%
2019: 8 Cowboys Amari Cooper
87%
2016: 8 Raiders Amari Cooper
87%
2018: 5 Steelers JuJu Smith-Schuster
87%
2011: 5 Panthers Steve Smith
85%
2016: 6 Packers Jordy Nelson
84%
2014: 4 Packers Jordy Nelson
84%
2013: 10 Packers Jordy Nelson
84%
2011: 9 Packers Jordy Nelson
84%
2016: 1 Colts T.Y. Hilton
84%
2014: 6 Colts T.Y. Hilton
84%
2018: 9 Vikings Adam Thielen
83%
2017: 5 Vikings Adam Thielen
83%
2014: 8 Cowboys Dez Bryant
81%
2012: 6 Cowboys Dez Bryant
81%
2012: 8 Patriots Wes Welker
79%
2011: 2 Patriots Wes Welker
79%
2015: 4 Jets Brandon Marshall
74%
2012: 3 Bears Brandon Marshall
74%
2011: 10 Dolphins Brandon Marshall
74%
2012: 7 Colts Reggie Wayne
74%
2010: 3 Colts Reggie Wayne
74%
2018: 8 49ers George Kittle
71%
2013: 1 Browns Josh Gordon
71%
2019: 10 Browns Jarvis Landry
70%
2016: 10 Dolphins Jarvis Landry
70%
2013: 9 Eagles DeSean Jackson
67%
2012: 9 Falcons Roddy White
66%
2011: 8 Falcons Roddy White
66%
2010: 2 Falcons Roddy White
66%
2012: 5 Buccaneers Vincent Jackson
66%
2019: 9 Panthers D.J. Moore
65%
2011: 7 Saints Jimmy Graham
65%
2014: 7 Lions Golden Tate
62%
2010: 10 Redskins Santana Moss
62%
2019: 5 Dolphins DeVante Parker
61%
2019: 7 Lions Kenny Golladay
60%
2015: 6 Jaguars Allen Robinson
59%
2011: 3 Giants Victor Cruz
59%
2013: 6 Bears Alshon Jeffery
57%
2014: 5 Broncos Emmanuel Sanders
53%
2010: 4 Packers Greg Jennings
53%
2016: 7 Saints Brandin Cooks
49%
2013: 8 Redskins Pierre Garcon
43%
2010: 7 Chiefs Dwayne Bowe
40%
2010: 1 Broncos Brandon Lloyd
39%
2010: 5 Steelers Mike Wallace
34%
2014: 9 Eagles Jeremy Maclin
30%
No matching quizzes found
Score Distribution
Percent of People with Each Score
Percentile by Number Answered
Your Score History
You have not taken this quiz